000 00945nac a22002651i 4500
003 EG-ScBUE
005 20250804084909.0
008 250804t1961 nyua f b 000 0 eng d
020 _a0471833584
040 _aEG-ScBUE
_beng
_erda
_cEG-ScBUE
_dEG-ScBUE
082 0 4 _a547.122
_bSTR
_222
100 1 _aStreitwieser, Andrew,
_eauthor.
245 1 0 _aMolecular orbital theory for organic chemists /
_cAndrew Streitwieser, JR. associate professor of chemistry, University of California, Berkeley, California.
264 1 _aNew York :
_bJohn Wiley & Sons, Inc.,
_c[1961]
264 4 _cc1961
300 _a489 pages :
_billustrations ;
_c24 cm
336 _2rdacontent
_atext
_btxt
337 _aunmediated
_2rdamedia
_bn
338 _avolume
_bnc
_2rdacarrier
504 _aIncludes bibliographical references.
650 7 _aChemistry, Organic.
_2BUEsh
650 7 _aMolecular orbitals.
_2BUEsh
655 _vReading book
942 _cBB
_2ddc
999 _c6531
_d6531